000 01783cam a2200145 4500500
005 20260405085557.0
041 _afre
042 _adc
100 1 0 _aHuys, Viviane
_eauthor
700 1 0 _aVernant, Denis
_eauthor
245 0 0 _aHistoire de l'art : Théories, méthodes et outils
260 _bArmand Colin,
_c2014.
520 _aCe manuel s’adresse en priorité aux étudiants en histoire de l’art. Il explique en douze chapitres les différentes approches qui caractérisent les méthodes possibles proposées par cette discipline. Dans le cadre d’une histoire de l’art comparée, les auteurs examinent successivement les relations entre l’histoire de l’art, l’esthétique et la philosophie du langage, ses interactions avec la sémiologie, les apports récents des études anthropologiques, ou encore la manière dont la sociologie de l’art contribue à redéfinir les contours d’une histoire sociale de l’art. Sont abordées également les questions qui lient la politique et l’art, ou encore celles qui se nouent parfois avec la psychanalyse.À l’intérieur de chaque chapitre une « étude de cas », empruntée à différentes périodes, permet une analyse critique des outils et des concepts employés. Elle est complétée par une rubrique « pour aller plus loin » fournissant une bibliographie sélective. Vient s’ajouter une bibliographie générale renseignée par les plus récentes parutions dans le champ de l’histoire de l’art. Cet ouvrage permettra aux étudiants de disposer d’un outil de clarification et d’approfondissement de l’interdisciplinarité rencontrée durant leur cursus en histoire de l’art.
856 4 1 _uhttps://shs.cairn.info/histoire-de-l-art--9782200287955?lang=fr&redirect-ssocas=7080
999 _c2198671
_d2198671